Cyclisme : Podiums Strade Bianche !!! - Statistiques

Statistiques générales
  • Ce quiz a été pris 115 fois
  • Le résultat moyen est 34 sur 51
Statistiques - réponses
Anneés Place Pays Prénoms Noms % Correct
2021 2eme 🇨🇵 Julian Alaphilippe
100%
2019 1er 🇨🇵 Julian Alaphilippe
100%
2021 3eme 🇨🇴 Egan Bernal
100%
2022 1er 🇸🇮 Tadej Pogacar
100%
2020 1er 🇧🇪 Wout Van Aert
100%
2019 3eme 🇧🇪 Wout Van Aert
100%
2018 3eme 🇧🇪 Wout Van Aert
100%
2021 1er 🇳🇱 Matthieu Van der Poel
100%
2018 2eme 🇨🇵 Romain Bardet
99%
2022 2eme 🇪🇦 Alejandro Valverde
99%
2015 3eme 🇪🇦 Alejandro Valverde
99%
2014 3eme 🇪🇦 Alejandro Valverde
99%
2023 3eme 🇧🇪 Tiesj Benoot
98%
2018 1er 🇧🇪 Tiesj Benoot
98%
2023 2eme 🇨🇵 Valentin Madouas
97%
2023 1er 🇬🇧 Tom Pidcock
97%
2014 2eme 🇸🇰 Peter Sagan
96%
2013 2eme 🇸🇰 Peter Sagan
96%
2022 3eme 🇩🇰 Kasper Asgreen
95%
2016 1er 🇨🇭 Fabian Cancellara
92%
2012 1er 🇨🇭 Fabian Cancellara
92%
2008 1er 🇨🇭 Fabian Cancellara
92%
2017 2eme 🇧🇪 Greg Van Avermaet
90%
2015 2eme 🇧🇪 Greg Van Avermaet
90%
2019 2eme 🇩🇰 Jakob Fuglsang
88%
2011 1er 🇧🇪 Philippe Gilbert
88%
2017 1er 🇵🇱 Michal Kwiatkowski
88%
2014 1er 🇵🇱 Michal Kwiatkowski
88%
2016 2eme 🇨🇿 Zdeněk Štybar
87%
2015 1er 🇨🇿 Zdeněk Štybar
87%
2020 3eme 🇩🇪 Maximilian Schachmann
81%
2020 2eme 🇮🇹 Davide Formolo
62%
2016 3eme 🇮🇹 Gianluca Brambilla
58%
2017 3eme 🇧🇪 Tim Wellens
58%
2011 3eme 🇮🇹 Damiano Cunego
49%
2013 1er 🇮🇹 Moreno Moser
47%
2011 2eme 🇮🇹 Alessandro Ballan
33%
2008 2eme 🇮🇹 Alessandro Ballan
33%
2013 3eme 🇮🇹 Rinaldo Nocentini
29%
2012 2eme 🇰🇿 Maxim Iglinskiy
23%
2010 1er 🇰🇿 Maxim Iglinskiy
23%
2008 3eme 🇩🇪 Linus Gerdemann
18%
2007 1er 🇷🇺 Alexandr Kolobnev
15%
2010 3eme 🇦🇺 Michael Rogers
13%
2012 3eme 🇮🇹 Oscar Gatto
11%
2009 2eme 🇩🇪 Fabian Wegmann
11%
2010 2eme 🇸🇪 Thomas Lövkvist
7%
2009 1er 🇸🇪 Thomas Lövkvist
7%
2009 3eme 🇨🇭 Martin Elmiger
6%
2007 3eme 🇺🇦 Mikhaylo Khalilov
3%
2007 2eme 🇸🇪 Marcus Ljungqvist
3%
Aucun quiz correspondant
Distribution des résultats
% des personnes avec chaque résultat
Percentile par nombre de réponses
Votre historique - résultats
Vous n’avez pas pris ce quiz